000 00526nam a2200193 a 4500
005 20210223121104.0
008 991125s1988 mad 000 0 spa u
020 _a8439714300
035 _aUPN01000012034
049 _aCG
050 4 _aBL430
_bS2.27
100 1 _aSatz, Mario,
_d1944-
245 1 3 _aEl cráneo de cristal :
_bhistoria de las religiones /
_cMario Satz.
260 _aMadrid :
_bMontena Aula,
_c1988.
300 _a93 p.
440 0 _aQuestio ;
_v7
650 4 _aRELIGION -
_xHISTORIA
_913284
905 _aLibro
999 _c12034
_d12034